| 000 | 00350nam a2200145Ia 4500 | ||
|---|---|---|---|
| 008 | 240624s9999 xx 000 0 und d | ||
| 041 | _aeng | ||
| 082 | _a381.1 THA | ||
| 100 | _aTHAIN GREG | ||
| 245 | _aSTORE WARS THE WORLDWIDE BATTLE FOR MIND | ||
| 250 | _a(2nd ed.) | ||
| 260 |
_c2012 _aChichester _bWiley |
||
| 300 | _a314 : p. | ||
| 365 |
_c _b30 |
||
| 999 |
_c25359 _d25359 |
||